Statistics for Which Empire Didn't Have Land In ___?

Click here to take the quiz!

General Stats

  • This quiz has been taken 15 times
  • The average score is 35 of 45

Answer Stats

QuestionTileSelect% Correct
Which empire did not have land in The United States Of AmericaNo
100%
Which empire did not have land in The United States Of AmericaNo
100%
Which empire did not have land in The United States Of AmericaNo
100%
Which empire did not have land in Germany?No
93%
Which empire did not have land in Germany?No
93%
Which empire did not have land in Germany?No
93%
Which empire did not have land in Germany?No
93%
Which empire did not have land in The United States Of AmericaNo
93%
Which empire did not have land in The United States Of AmericaNo
93%
Which empire did not have land in EgyptNo
86%
Which empire did not have land in Iran?No
86%
Which empire did not have land in EgyptNo
86%
Which empire did not have land in EgyptNo
86%
Which empire did not have land in Iran?No
86%
Which empire did not have land in Iran?No
86%
Which empire did not have land in Iran?No
86%
Which empire did not have land in Germany?No
86%
Which empire did not have land in Germany?No
86%
Which empire did not have land in EgyptNo
86%
Which empire did not have land in Iran?No
79%
Which empire did not have land in Germany?No
79%
Which empire did not have land in Iran?No
79%
Which empire did not have land in Germany?No
79%
Which empire did not have land in Iran?No
79%
Which empire did not have land in India?No
79%
Which empire did not have land in The United States Of AmericaNo
79%
Which empire did not have land in India?No
79%
Which empire did not have land in EgyptNo
79%
Which empire did not have land in The United States Of AmericaNo
79%
Which empire did not have land in India?No
71%
Which empire did not have land in EgyptNo
71%
Which empire did not have land in India?No
71%
Which empire did not have land in Germany?Yes
71%
Which empire did not have land in India?No
71%
Which empire did not have land in Iran?No
71%
Which empire did not have land in India?No
64%
Which empire did not have land in EgyptNo
64%
Which empire did not have land in EgyptYes
64%
Which empire did not have land in The United States Of AmericaNo
57%
Which empire did not have land in India?No
57%
Which empire did not have land in India?No
57%
Which empire did not have land in EgyptNo
57%
Which empire did not have land in The United States Of AmericaYes
50%
Which empire did not have land in India?Yes
50%
Which empire did not have land in Iran?Yes
43%

Score Distribution

Percentile by Number Answered

Percent of People with Each Score

Your Score History

You have not taken this quiz